| 000 | 00689nam a2200217 a 4500 | ||
|---|---|---|---|
| 008 | |||
| 020 | _a0908993080 (pbk.) | ||
| 049 | _aMAIN | ||
| 090 |
_aTA 170 _bENV |
||
| 245 | 1 | 0 |
_aThe Environmentally educated engineer : _bfocus on fundamentals / _ceditors David Elms and David Wilkinson. |
| 260 |
_aChristchurch : _bCenter for Advanced Engineering, _cc1995. |
||
| 300 |
_aviii, 208 p. : _bill. ; _c26 cm. |
||
| 650 | _aEnvironmental engineering. | ||
| 700 | _aWilkinson, David. | ||
| 700 | _aElms, David. | ||
| 907 |
_a.b10292135 _b24-02-11 _c24-02-11 |
||
| 003 | |||
| 005 | 20230123125135.0 | ||
| 040 | _cNUST | ||
| 942 |
_cBOOKS _kTA 170 _mENV |
||
| 999 |
_c136410 _d136410 |
||